000 01182cam a2200361 a 4500
001 3087
003 FISKH
005 20250331100145.0
008 910211s1992 nyua j 000 1 eng
010 _a 91010164
020 _a0064441555 (pbk.)
020 _a9780064441551
040 _aDLC
_cDLC
_dDLC
_dOCoLC
_dDLC
_beng
042 _alcac
050 1 0 _aPZ7.P219
_bAm 1992c
082 0 0 _a[E]
_220
100 1 _aParish, Peggy.
245 1 0 _aAmelia Bedelia /
_cby Peggy Parish ; pictures by Fritz Siebel.
250 _aThis edition published 1992
260 _aNew York :
_bHarper Collins,
_c1963
300 _a64 pages :
_bcolor illustrations ;
_c23 cm
490 _aI can read
505 _aI
520 _aA literal-minded housekeeper causes a ruckus in the household when she attempts to make sense of some instructions.
521 8 _a450
_bLexile
521 8 _aI
_bRaz-Plus
600 0 0 _aAmelia-Bedelia
_c(Fictitious character)
_vJuvenile fiction.
650 1 _aHumorous stories.
655 7 _aHumorous stories.
_2gsafd
700 1 _aSiebel, Fritz,
_eillustrator
906 _a7
_bcbc
_corignew
_d1
_eocip
_f19
_gy-gencatlg
942 _2ddc
_cBK
_n0
999 _c3087
_d3087